000 00409nam a2200181Ia 4500
001 3040
005 20260306144851.0
008 260306t1962||||xx |||||||||||||| ||spa||
041 _aESP
082 _a245.2
_bB24
100 _aBars, Henry
_eAUT
245 0 _aLas tres virtudes-clave
260 _c1962
300 _a151 páginas :
_c19 cm.
650 _aGEN
654 _aCHU
942 _cLIB
_dJUS
_fJUS
_2ddc
_n
999 _c3040
_d3040